| 000 | 00510nam a2200181Ia 4500 | ||
|---|---|---|---|
| 001 | 21481 | ||
| 005 | 20260306172922.0 | ||
| 008 | 260306t2019||||xx |||||||||||||| ||spa|| | ||
| 041 | _aESP | ||
| 082 |
_a345.1 _bD84 |
||
| 100 |
_aDivisión de Estudios Jurídicos de Gaceta Jurídica _eAUT |
||
| 245 | 0 | _a800 Criterios jurisprudenciales procesales penales que todo abogado debe conocer | |
| 260 | _c2019 | ||
| 300 |
_a462 páginas : _c25 cm. |
||
| 650 | _aGEN | ||
| 654 | _aCDE | ||
| 942 |
_cLIB _dJUS _fJUS _2ddc _n |
||
| 999 |
_c21481 _d21481 |
||